000 00920nam a2200253Ia 4500
003 OSt
005 20220923224700.0
006 a|||||r|||| 00| 0
007 ta
008 220922b |||||||| |||| 00| 0 hin d
024 _a248,757
037 _cTextual
040 _aARTS
_cARTS
_bhin
041 _2hin
_ahin
082 _aO15v243H, 152N1
100 _aशर्मा, रामदत्त
_9156279
245 0 _aसंस्कृत साहित्य को हरियाणा का योगदान
246 _aSanskṛut sāhitya ko hariyāṇā kā yogadāna
260 _aचण्डीगढ़
_b हरियाणा साहित्य अकादमी
_c1991
300 _a298पृ.
_ccm.
650 _aसंस्कृत साहित्य
942 _hO15v243H, 152N1
_cTEXL
_2CC
999 _c372920
_d372920